[Event "Linares"]
[Site "5"]
[Date "1985.??.??"]
[Round "8"]
[White "Timman, Jan"]
[Black "Ljubojevic, Ljubomir"]
[Result "1-0"]
[WhiteElo "2650"]
[BlackElo "2595"]
[Annotator "JvR"]
[PlyCount "43"]
[EventDate "1985.??.??"]

1. e4 c5 2. Nf3 d6 3. d4 cxd4 4. Nxd4 Nf6 5. Nc3 a6 6. Bg5 e6 7. f4 Qb6 8. Qd2
Qxb2 9. Rb1 Qa3 10. Be2 Be7 11. O-O Nbd7 12. e5 dxe5 13. fxe5 Nxe5 14. Bxf6
Bxf6 15. Rxf6 gxf6 16. Ne4 Nd7 $2 ({Theory is} 16... Qe7 {(Tal-Ftacnik, Sochi
1982).}) 17. Rb3 Qxa2 (17... Qe7 {is refuted by} 18. Nc6 $1 bxc6 19. Nd6+ Kd8 (
19... Kf8 20. Qh6+) 20. Qa5+) 18. Nd6+ Kf8 19. Qc3 Kg7 20. N4f5+ $1 exf5 21.
Nxf5+ Kg6 22. Qh3 {Hübner joined the lead with Ljubojevic, before Korchnoi.}
1-0

[Event "Linares"]
[Site "5"]
[Date "1985.??.??"]
[Round "10"]
[White "Ljubojevic, Ljubomir"]
[Black "Adorjan, Andras"]
[Result "1/2-1/2"]
[WhiteElo "2595"]
[BlackElo "2565"]
[Annotator "JvR"]
[PlyCount "96"]
[EventDate "1985.??.??"]

1. e4 c5 2. Nf3 e6 3. d4 cxd4 4. Nxd4 Nf6 5. Nc3 d6 6. g4 h6 7. h4 Nc6 8. Rg1
h5 9. gxh5 Rxh5 10. Bg5 Rh8 11. Be2 Be7 $5 ({Better is} 11... Qb6 12. Nb3 a6 {
(Hellers-Sax, New York 1987).}) 12. Qd2 Nxd4 13. Qxd4 Qb6 14. Bb5+ Kf8 $5 ({An
alternative gives} 14... Bd7 15. Bxd7+ Kxd7 16. Qd2 {(Adorjan), and now} Kc7 $1
17. O-O-O Rag8) 15. Qxb6 axb6 16. O-O-O e5 17. f3 Be6 18. b3 Nh5 19. Kb2 Nf4
20. Na4 $5 Ra5 $1 21. c4 Ne2 $5 22. Bxe7+ Kxe7 23. Rxg7 Rxh4 24. Rg8 Nd4 25.
Rd2 Rxb5 $2 {Adorjan panics due to the restraint.} ({Right is} 25... Rf4 $1)
26. cxb5 Nxf3 27. Rf2 Ne1 28. Re2 Nd3+ 29. Kc2 $2 (29. Ka3 $1 f5 30. Rg7+ Kf6
31. Rxb7 {wins eventually (Adorjan).}) 29... Nf4 30. Rd2 f5 31. Rb8 fxe4 32.
Rxb7+ Kf6 33. Rxd6 e3 34. Rbxb6 Rh2+ 35. Kc3 Kf5 ({Or} 35... Rxa2 36. Rd1 $1 e2
37. Rh1 Nd5+ 38. Kd3 Nxb6 39. Nxb6 Rb2 40. Na4 $1) 36. Rd1 Nd5+ 37. Rxd5 Bxd5
38. Nc5 $2 ({Correct is} 38. Rb8 $1 Rxa2 39. Nc5 e2 40. Rf8+ Kg4 41. Nd3) 38...
Rxa2 $2 ({Black misses the win} 38... Be4 $1 39. Nxe4 Kxe4 40. Rg6 Rh1 41. Rg2
Kf3) 39. Ra6 Rd2 40. Ra1 Bf3 41. b6 Rd5 42. b4 e2 43. b7 Rd1 44. Rxd1 exd1=Q
45. b8=Q Qc1+ 46. Kb3 Bd1+ 47. Ka2 Qc2+ 48. Ka3 Qc3+ {Ljubojevic tried to
defend the tailender unsuccessfully. Ljubo could have lost in time trouble.}
1/2-1/2

[Event "Linares"]
[Site "5"]
[Date "1985.??.??"]
[Round "11"]
[White "Adorjan, Andras"]
[Black "Huebner, Robert"]
[Result "1/2-1/2"]
[WhiteElo "2565"]
[BlackElo "2605"]
[Annotator "JvR"]
[PlyCount "78"]
[EventDate "1985.??.??"]

1. c4 e5 2. Nc3 Nf6 3. Nf3 Nc6 4. g3 d5 5. cxd5 Nxd5 6. Bg2 Nb6 7. O-O Be7 8.
a3 O-O 9. b4 Be6 10. Rb1 f6 11. Ne4 {The tailender chooses a provocative
variation.} Ba2 12. Rb2 Bd5 13. Nc5 Nc4 14. Rb1 b6 15. Na4 $5 (15. Nb3 {stems
from Gulko-Karpeshov, Volgodonsk 1983.}) 15... Nd4 16. Nc3 Bxf3 17. exf3 c6 $6
({Black could have taken the initiative by} 17... a5 18. f4 c6) 18. d3 Nd6 19.
f4 exf4 $6 20. Bxf4 Rc8 21. Re1 Nf7 $6 {Hübner retreats. This leads to
positional difficulties.} 22. Ne2 Nxe2+ 23. Qxe2 Bd6 24. Be3 c5 25. Be4 g6 26.
Qa2 Kg7 27. bxc5 Bxc5 28. d4 Be7 29. Bd5 Rc3 $2 ({Weak squares are protected by
} 29... Qd6 $1 30. a4 Rcd8) 30. Bxf7 Rxf7 31. Bh6+ $1 Kg8 {Square e6 has no
protection.} 32. Rbc1 $2 ({Later Adorjan analyses the win} 32. Qe6 $1 Qc8 (
32... Bf8 33. Rbc1 $1 Qxd4 34. Rcd1 $1 Rd3 35. Rxd3 Qxd3 36. Qc8 $1) 33. d5 $1
Bxa3 34. Qe8+ Bf8 35. d6 Rc2 36. Re2 $1) 32... Rxc1 33. Rxc1 Qd7 $1 {Black is
okay.} 34. d5 Qh3 35. Bf4 Bc5 36. Re1 {Adorjan offered a draw some time after
he had made this move. It disturbed Hübner and he involved the arbiter.} Kg7
37. a4 g5 38. Be3 Re7 39. Qd2 Bxe3 1/2-1/2

[Event "Linares"]
[Site "8"]
[Date "1990.??.??"]
[Round "1"]
[White "Gelfand, Boris"]
[Black "Kasparov, Gary"]
[Result "1/2-1/2"]
[WhiteElo "2615"]
[BlackElo "2800"]
[Annotator "JvR"]
[PlyCount "89"]
[EventDate "1990.??.??"]

1. d4 Nf6 2. c4 g6 3. Nc3 Bg7 4. e4 d6 5. Be2 O-O 6. Nf3 e5 7. O-O Nc6 8. d5
Ne7 9. Ne1 Nd7 10. Nd3 f5 11. Bd2 Nf6 12. f3 Kh8 13. Rc1 c5 14. g4 $5 a6 15.
Nf2 h6 $6 {A new move is played at last. White gets a target.} ({Known is} 
15... Bd7 {(Ftacnik-Ost Hansen, Esbjerg 1982).}) 16. h4 fxg4 17. fxg4 Neg8 18.
Kg2 Nh7 19. Rh1 Bf6 20. g5 $5 hxg5 21. h5 $1 Qe8 $1 {The critical position has
arisen.} 22. b4 $6 ({White gains a plus by} 22. Qa4 $1 b5 $5 (22... Bd7 $2 23.
hxg6 Nh6 24. Rxh6 Bxa4 25. Bg4 $1) 23. cxb5 Bd7 {(Gelfand)} 24. Qb3 axb5 25.
Bxb5) 22... cxb4 23. Na4 Bd8 24. Bxb4 Bd7 25. hxg6 Qxg6 26. c5 g4 $1 27. c6 $1
g3 $1 28. Nd3 bxc6 29. dxc6 Rc8 {The game is about equal.} 30. Bf3 $5 Rxf3 $1
31. Qxf3 Bg4 32. Qxg3 Qxe4+ 33. Kg1 Ngf6 34. Bxd6 $1 {Gelfand finds an elegant
solution for the new problems.} Qd4+ 35. Nf2 Qxd6 36. Nxg4 Qd4+ 37. Nf2 Qxa4
38. Qxe5 Rc7 39. Rh2 Rg7+ 40. Rg2 Bc7 41. Qf5 Qxa2 42. Qc8+ Qg8 43. Qxg8+ Kxg8
44. Rxg7+ Kxg7 45. Nd3 1/2-1/2

[Event "Linares"]
[Site "8"]
[Date "1990.??.??"]
[Round "2"]
[White "Kasparov, Gary"]
[Black "Short, Nigel"]
[Result "1-0"]
[WhiteElo "2800"]
[BlackElo "2635"]
[Annotator "JvR"]
[PlyCount "95"]
[EventDate "1990.??.??"]

1. c4 Nc6 2. Nc3 e5 3. g3 g6 4. Bg2 Bg7 5. d3 d6 6. e4 Be6 7. Nge2 Qd7 8. Nd5
Nce7 9. d4 c6 10. Ne3 Bh3 11. O-O Bxg2 12. Kxg2 exd4 13. Nxd4 h5 $5 ({Gary
diverts from} 13... Nf6 {(Timman-Bednarski, Dieren 1970).}) 14. a4 Nh6 15. Ra3
O-O-O 16. a5 h4 17. a6 b6 18. Nf3 hxg3 19. fxg3 f6 20. c5 $5 ({Preparation by} 
20. b4 {is plausible.}) 20... dxc5 $1 21. Qb3 Kb8 $5 (21... Ng4 $6 22. Nxg4
Qxg4 23. Qf7 Rh7 {(Kasparov)} 24. Bh6 $1 (24. Qxe7 $2 Qh3+ 25. Kg1 Bh8 $1)
24... Rxh6 25. Qxg7 Qh3+ 26. Kf2 $1 (26. Kg1 $2 Rd2 $1) 26... Re8 {leads to a
white plus.}) 22. Rd1 Qc8 23. Nc4 Rxd1 24. Qxd1 Nf7 25. Rd3 g5 26. Qb3 $5 Qe6 (
{An active defence brings} 26... b5 $1 27. Nd6 Qh3+ 28. Kg1 Ne5 29. Rd2 c4) 27.
Be3 Nc8 28. Nxb6 $1 Qxb3 29. Nd7+ Kc7 30. Rxb3 Kxd7 31. Rb7+ Ke6 32. Bxc5 Bf8
33. Nd4+ Ke5 34. Nxc6+ Kxe4 35. Bxa7 Nfd6 36. Rc7 Nxa7 37. Rxa7 Nc4 38. Ra8 Bg7
39. Ra7 Ne3+ 40. Kg1 Rg8 $4 ({Right is} 40... Kd5 41. Ne7+ Ke4 $1 42. Ng6 $2 ({
correct is} 42. Nc6) 42... Rc8 $1) 41. Re7+ $4 Kd3 $4 42. a7 $1 Rc8 43. Kf2
Nd1+ 44. Kf3 g4+ 45. Kxg4 f5+ 46. Kf3 Bxb2 47. Rd7+ Kc2 48. Rd8 1-0

[Event "Linares"]
[Site "8"]
[Date "1990.??.??"]
[Round "3"]
[White "Portisch, Lajos"]
[Black "Kasparov, Gary"]
[Result "0-1"]
[WhiteElo "2605"]
[BlackElo "2800"]
[Annotator "JvR"]
[PlyCount "54"]
[EventDate "1990.??.??"]

1. Nf3 g6 2. e4 Bg7 3. d4 d6 4. c4 Nf6 5. Nc3 O-O 6. Be2 e5 7. O-O Nc6 8. Be3
Ng4 9. Bg5 f6 10. Bc1 f5 11. Bg5 Bf6 12. Bxf6 Nxf6 13. dxe5 dxe5 14. Qxd8 Rxd8
15. Nd5 Nxe4 16. Nxc7 Rb8 17. Rfd1 Bd7 18. Bd3 $6 Rbc8 19. Nd5 Nc5 20. Bf1 Be6
21. b4 $6 Bxd5 22. cxd5 Nxb4 23. Nxe5 Ne4 24. Bc4 Nc3 25. Rd2 $2 {White misses
an escape.} ({Correct is} 25. d6+ $1 Rxc4 26. Nxc4 Nxd1 27. Rxd1 Nxa2 28. Na5
b6 29. Nc6 Rd7 30. Nb8 $11) 25... Nbxd5 26. g3 Kg7 27. Kg2 $4 Ne3+ 0-1

[Event "Linares"]
[Site "8"]
[Date "1990.??.??"]
[Round "4"]
[White "Kasparov, Gary"]
[Black "Spassky, Boris"]
[Result "1-0"]
[WhiteElo "2800"]
[BlackElo "2560"]
[Annotator "JvR"]
[PlyCount "57"]
[EventDate "1990.??.??"]

1. d4 Nf6 2. c4 e6 3. Nc3 Bb4 4. Qc2 d5 5. cxd5 exd5 6. Bg5 h6 7. Bh4 c5 8.
dxc5 Nc6 9. e3 g5 10. Bg3 Ne4 11. Nf3 Qf6 $2 (11... Qa5 {is okay 
(Rohacek-Opocensky, Trencianske Teplice 1941).}) 12. Bb5 $1 {Kasparov brings a
novelty. White gains a big advantage.} Nxc3 13. Bxc6+ bxc6 14. a3 $1 g4 $2 15.
Be5 Ne4+ 16. axb4 Qf5 17. Bxh8 gxf3 18. Rg1 Qg4 19. Qd1 Ng5 20. Qd4 Ne4 21.
Qe5+ Be6 22. Qf4 Qg6 23. Qxf3 f6 24. Qf4 Kf7 25. f3 Ng5 26. Kd2 Qf5 27. h4 Qxf4
28. exf4 Nh7 29. g4 1-0

[Event "Linares"]
[Site "8"]
[Date "1990.??.??"]
[Round "5"]
[White "Jussupow, Artur"]
[Black "Kasparov, Gary"]
[Result "0-1"]
[WhiteElo "2615"]
[BlackElo "2800"]
[Annotator "JvR"]
[PlyCount "126"]
[EventDate "1990.??.??"]

1. Nf3 Nf6 2. c4 g6 3. g3 Bg7 4. Bg2 O-O 5. d4 d6 6. O-O Nbd7 7. Nc3 e5 8. h3
c6 9. e4 Qb6 10. c5 dxc5 11. dxe5 Ne8 12. Na4 Qa6 13. Bf4 $6 ({More active is} 
13. Bg5 $1 b5 14. Nc3 Nc7 15. Be7 Re8 16. Bd6 Qb6 {(Fulgenzi-Servat, Neuquen
1986).}) 13... Nc7 14. Qc2 Ne6 15. Rfd1 Re8 16. Rd6 $5 Qa5 17. Rad1 $5 Nb6 18.
Nxb6 axb6 19. a3 Qa4 20. Qe2 b5 21. Qe3 $2 (21. Bc1 {makes a useful defensive
move.}) 21... b4 22. axb4 Qxb4 23. R6d2 Ra2 24. Rb1 c4 25. Rc2 b5 26. Bh6 Qc5
27. Qc1 $2 ({Exchanges by} 27. Qxc5 Nxc5 28. Bxg7 Kxg7 29. Nd4 {are wiser 
(Jussupow).}) 27... Nd4 28. Bxg7 Kxg7 29. Nxd4 Qxd4 30. b3 Rxc2 31. Qxc2 c3 32.
Rd1 Qc5 33. b4 $1 Qxb4 34. Rd3 c5 35. Rxc3 c4 36. f4 Qc5+ 37. Kh2 Qd4 38. Rf3
b4 $3 {Kasparov finds a brilliant win.} ({Normal people strive for} 38... Rd8
$1 39. Qb1 Qd1 40. Qxb5 $2 Rd2 41. Qxc4 Qxf3) 39. Qa4 c3 $1 40. Rxc3 $1 ({Gary
analyses} 40. Qxe8 Qd7 $1 41. Qxd7 Bxd7 42. Rd3 Be6 {and White cannot stop the
passed pawns.}) 40... Bd7 41. Rc4 $1 Bxa4 $5 42. Rxd4 Rb8 43. Bf1 ({Or} 43. Rd2
b3 44. Rb2 Rc8) 43... Bc2 44. Bc4 b3 45. Bxb3 Rxb3 46. g4 Re3 47. f5 gxf5 48.
exf5 Rxe5 49. Rd2 Ba4 50. Kg3 Re3+ 51. Kh4 Bb5 52. Rd5 Bd3 $1 ({Jussupow hoped
for} 52... Bf1 $2 53. f6+ $1) 53. Rc5 h6 54. Rc3 Rf3 55. Rb3 Be2 56. Rb2 Bf1
57. Rh2 Kf6 58. Rh1 Ke5 59. Rh2 f6 60. Rh1 Ke4 61. Rh2 Kf4 62. Rh1 Bg2 63. Rh2
Rg3 0-1

[Event "Linares"]
[Site "8"]
[Date "1990.??.??"]
[Round "7"]
[White "Ivanchuk, Vassily"]
[Black "Kasparov, Gary"]
[Result "0-1"]
[WhiteElo "2665"]
[BlackElo "2800"]
[Annotator "JvR"]
[PlyCount "86"]
[EventDate "1990.??.??"]

1. e4 c5 2. Nf3 d6 3. d4 cxd4 4. Nxd4 Nf6 5. Nc3 a6 6. Bg5 e6 7. f4 Qb6 8. Qd2
Qxb2 9. Rb1 Qa3 10. f5 Nc6 11. fxe6 fxe6 12. Nxc6 bxc6 13. Be2 Be7 14. O-O O-O
15. Rb3 Qc5+ 16. Be3 Qe5 17. Bf4 Qc5+ 18. Kh1 Ng4 19. h3 e5 20. Na4 Qa7 21.
Bc4+ Kh8 22. hxg4 exf4 23. Nb6 d5 $1 {Kasparov springs a novelty.} 24. exd5
cxd5 25. Bxd5 Rb8 26. Nxc8 Rbxc8 27. Rh3 Qb6 28. Re1 Bg5 29. Re6 Qd8 30. c4 Rb8
31. Qd3 Bh4 32. Be4 Qg5 33. Bxh7 Rfd8 34. Qc2 f3 $1 {Both parties have played
well during the last ten moves.} 35. Rxf3 $2 ({Correct is} 35. Bf5 $1 Rb2 $1
36. Qxb2 Rd1+ 37. Kh2 Qf4+ 38. g3 Rd2+ 39. Kh1 Rd1+ {and perpetual check.})
35... Rd2 36. Qe4 Rd1+ 37. Kh2 Re1 38. Qf5 Rxe6 39. Qxe6 Kxh7 40. Qe4+ g6 41.
Rh3 Kg7 42. Qd4+ Kg8 43. Qe4 Qf6 0-1

[Event "Linares"]
[Site "8"]
[Date "1990.??.??"]
[Round "8"]
[White "Gulko, Boris"]
[Black "Kasparov, Gary"]
[Result "1-0"]
[WhiteElo "2610"]
[BlackElo "2800"]
[Annotator "JvR"]
[PlyCount "107"]
[EventDate "1990.??.??"]

1. d4 Nf6 2. c4 g6 3. Nc3 Bg7 4. e4 d6 5. f3 O-O 6. Be3 c6 7. Bd3 e5 8. d5 b5
9. cxb5 cxd5 10. exd5 e4 11. Nxe4 Nxd5 12. Bg5 Qb6 $6 ({Theory is} 12... Qa5+ {
(Timman-Kasparov, Reykjavik 1988).}) 13. Qd2 Nd7 14. Bc4 N5f6 15. Nxf6+ Bxf6
16. Bxf6 Nxf6 17. Ne2 Re8 18. O-O-O d5 19. Bd3 a6 20. bxa6 d4 $2 (20... Bxa6
21. Bxa6 Qxa6 22. Nc3 Rec8 23. Kb1 Rc4 {keeps the attack going.}) 21. Kb1 Re3
22. Bc4 Bxa6 23. Bxa6 Rxa6 24. Nxd4 Re8 25. Ne2 Rb8 26. Nc3 Qb4 27. Rhe1 Rd6
28. Qc2 Rdb6 29. Re2 Qf4 30. h3 Rc6 31. Qd2 Qf5+ 32. Ka1 Rb7 33. Qh6 Rc8 34.
Red2 Qa5 35. Qe3 Kg7 36. g4 Re8 37. Qd4 Rd7 38. Qf2 Rc7 39. Rd3 Ra8 40. Qd2 h6
41. Rd6 Rc4 42. Rd4 Rac8 43. Kb1 Qe5 44. f4 Qe6 45. Qe2 Rxd4 46. Rxd4 Qb6 47.
Qd2 Qa6 48. Qd3 Qc6 49. a3 Qg2 50. Rd6 Rb8 51. Qe2 Qh1+ 52. Ka2 Re8 53. Qd3 Re1
54. Qd4 1-0

[Event "Linares"]
[Site "8"]
[Date "1990.??.??"]
[Round "9"]
[White "Kasparov, Gary"]
[Black "Salov, Valery"]
[Result "1/2-1/2"]
[WhiteElo "2800"]
[BlackElo "2645"]
[Annotator "JvR"]
[PlyCount "112"]
[EventDate "1990.??.??"]

1. Nf3 Nf6 2. c4 e6 3. Nc3 Bb4 4. d4 c5 5. g3 cxd4 6. Nxd4 O-O 7. Bg2 d5 8.
cxd5 Nxd5 9. Bd2 Nxc3 10. bxc3 Be7 11. Rb1 Nd7 $1 {A new positional idea.} 12.
O-O Nb6 13. Bf4 Nd5 14. Qb3 Nxf4 15. gxf4 Qc7 16. e3 a6 17. Rfd1 Ra7 18. c4 Bc5
19. Nf3 a5 20. Ng5 h6 21. Ne4 a4 22. Qb5 Ra5 23. Qb2 b6 24. Qe5 Qxe5 $6 ({
Better is} 24... Qe7 $1 25. Nxc5 Rxc5 26. Qd6 Qxd6 27. Rxd6 Ba6 $1) 25. fxe5
Ba6 26. Bf1 Bb7 27. Nxc5 Rxc5 28. f4 $1 Ba6 29. Rd4 Rfc8 30. Rb4 a3 31. Ra4 Ra5
32. Rb4 Rac5 {The moves 31 and 32 are missing in the Informator.} 33. Be2 g5
34. Kf2 Kg7 35. Ke1 R8c6 {White has the preferable endgame.} 36. Rd6 $6 ({An
effort to win starts with} 36. Kd2 $1 {(Kasparov).}) 36... Rc7 37. Rd4 gxf4 38.
exf4 f6 39. exf6+ Kxf6 40. Kd2 R7c6 41. Re4 Kf5 42. Ke3 Kf6 43. h3 e5 44. Bf3
Rd6 45. h4 Bc8 46. fxe5+ Rxe5 47. Rxe5 Kxe5 48. Rb5+ Kf6 49. Bd5 Bd7 50. Rb3 b5
51. Rxa3 Be6 52. Rd3 Bxd5 53. cxd5 Ke5 54. h5 Rxd5 55. Rxd5+ Kxd5 56. Kf4 Kc4
1/2-1/2

[Event "Linares"]
[Site "8"]
[Date "1990.??.??"]
[Round "10"]
[White "Beliavsky, Alexander"]
[Black "Kasparov, Gary"]
[Result "1/2-1/2"]
[WhiteElo "2640"]
[BlackElo "2800"]
[Annotator "JvR"]
[PlyCount "81"]
[EventDate "1990.??.??"]

1. d4 Nf6 2. c4 g6 3. Nc3 Bg7 4. e4 d6 5. f3 O-O 6. Be3 Nc6 7. Qd2 a6 8. Nge2
Rb8 9. Nc1 e5 10. Nb3 exd4 11. Nxd4 Ne5 12. Rd1 c6 13. Be2 b5 14. cxb5 axb5 15.
b4 c5 $6 {Kasparov brings a risky novelty in a wild opening.} 16. Nc2 cxb4 17.
Nxb4 Be6 18. O-O $1 (18. f4 $2 Nc4 19. Bxc4 Bxc4 20. Nc6 Qe8 21. Nxb8 b4 $1 {
leads to an attack for Black (Kasparov).}) 18... Qa5 19. Qxd6 Nc4 20. Bxc4 bxc4
21. Nc6 Qxc3 22. Bd4 Nxe4 $1 23. Bxc3 Nxd6 24. Bxg7 Kxg7 25. Nxb8 Nf5 $1 {
Beliavsky has to find the appropriate consolidation of his material advantage.}
26. Nd7 $6 ({Black gets less compensation for the exchange in} 26. Rb1 $1 c3
27. Nc6 Rc8 (27... Bxa2 $2 28. Rbc1 Ne3 29. Rfe1 Nd5 30. Ne7 $1) 28. Nb4 Nd4
29. Kf2 $1) 26... Rc8 27. Nb6 Rc6 28. Rb1 c3 29. Rb4 Bxa2 30. Rc1 h5 31. Kf2 c2
32. Ke2 Be6 33. Kd2 Rd6+ 34. Kxc2 Ne3+ 35. Kb2 Nxg2 36. Nc4 Rd3 37. Ne5 Re3 38.
Re4 Kf6 39. Rxe3 Nxe3 40. Nd3 Bd5 41. Ne1 {The material plus does not suffice
for a white win.} 1/2-1/2

[Event "Linares"]
[Site "8"]
[Date "1990.??.??"]
[Round "11"]
[White "Kasparov, Gary"]
[Black "Illescas Cordoba, Miguel"]
[Result "1-0"]
[WhiteElo "2800"]
[BlackElo "2530"]
[Annotator "JvR"]
[PlyCount "121"]
[EventDate "1990.??.??"]

{Kasparov and Gelfand started in the last round with a score of 7 points.} 1.
d4 d5 2. c4 e6 3. Nf3 c5 4. cxd5 exd5 5. g3 Nf6 6. Bg2 Be7 7. O-O O-O 8. Nc3
Nc6 9. Bg5 cxd4 10. Nxd4 h6 11. Be3 Re8 12. Qb3 Na5 13. Qc2 Bg4 14. Nf5 Bb4 15.
Bd4 Bxc3 16. Bxc3 Rxe2 17. Qd1 d4 18. Nxd4 Rxf2 19. Qa4 Rxg2+ 20. Kxg2 Qd5+ 21.
Kg1 Nc4 22. Qb5 a6 23. Qxd5 Nxd5 {So far the players have followed
Ogaard-Rantanen, Oslo 1986.} 24. Rfe1 h5 25. Ne2 Nxc3 26. bxc3 Ne5 27. Nd4 f6
28. a4 Rc8 29. Ra3 Rc7 30. Rb3 Kf7 31. Reb1 Bc8 32. Kf1 Nc4 33. Ke2 Na5 34. Ra3
Nc4 35. Rab3 Na5 36. Ra3 Nc4 37. Ra2 Kg6 38. Kd3 Ne5+ 39. Kd2 Nc4+ 40. Kc2 Bh3
{Gelfand has drawn before the first time control. Hereafter, Kasparov plays
for the victory in the tournament.} 41. Kb3 Bd7 42. Rc1 Be8 43. Ne6 Rc6 44.
Nf4+ $2 Kg5 $2 ({White pieces are displaced by} 44... Kh6 $1 45. Re2 Ne5 {
Kasparov and Illescas evaluate this position as won for Black, but} 46. Ra1 $1
{seems to hold:} g5 (46... Bf7+ 47. Kb2 g5 48. Ng2 $1 Nd3+ 49. Kc2 Bg6 50. Kb3
Rb6+ 51. Kc4 $1 {and Black cannot deliver mate}) 47. Nd5 $1 Bf7 48. Rd1 Rb6+ $1
49. Kc2 Bg6+ 50. Kd2 Rd6 51. c4 $1 Nxc4+ 52. Kc3 {White has liberated his
position. Material equality has arisen.}) 45. Re2 Ne5 46. Re4 Bf7+ 47. Kc2 b5
48. Rd4 Bc4 49. axb5 axb5 50. Ra1 Rc7 51. h4+ $1 Kf5 $4 {Suddenly Illescas
blunders terribly.} ({Right is} 51... Kh6 {(Illescas)} 52. Ra8 g6 53. Rd6 Kg7)
52. Nxh5 Kg6 53. Nf4+ Kf7 54. h5 Rb7 55. Ra8 g5 56. Nd5 Nf3 57. Rd1 Rd7 58. Ne3
Re7 59. Nxc4 bxc4 60. Rd6 Kg7 61. h6+ {Kasparov had won the tournament
half-a-point before Gelfand.} 1-0

[Event "Linares"]
[Site "9"]
[Date "1991.??.??"]
[Round "1"]
[White "Ivanchuk, Vassily"]
[Black "Kasparov, Gary"]
[Result "1-0"]
[WhiteElo "2695"]
[BlackElo "2800"]
[Annotator "JvR"]
[PlyCount "75"]
[EventDate "1991.??.??"]

1. e4 c5 2. Nf3 d6 3. Bb5+ Nd7 4. d4 Ngf6 5. O-O cxd4 6. Qxd4 a6 7. Bxd7+ Bxd7
8. Bg5 h6 9. Bxf6 gxf6 10. c4 {The centre is restricted by a new move.} e6 11.
Nc3 Rc8 12. Kh1 h5 $5 ({Black can play} 12... Be7 {at once.}) 13. a4 h4 14. h3
Be7 15. b4 a5 16. b5 Qc7 ({Ivanchuk prefers} 16... Rc5 $5) 17. Nd2 Qc5 18. Qd3
Rg8 19. Rae1 {Kasparov has achieved a dynamic equality.} Qg5 $6 {He ruins his
position fast. The queen starts on a fruitless mission.} ({Anand suggests} 
19... b6 $1) 20. Rg1 Qf4 $6 21. Ref1 b6 22. Ne2 Qh6 23. c5 $5 (23. f4 {
proceeds the attack in a natural way.}) 23... Rxc5 $2 {Hereafter the black
defence collapses.} ({Correct is} 23... dxc5 $1 24. Nc4 Rb8 25. f4 Bc8 26. f5
Kf8 {White has a blockade for a pawn.}) 24. Nc4 Kf8 25. Nxb6 Be8 26. f4 f5 27.
exf5 Rxf5 28. Rc1 Kg7 29. g4 $1 Rc5 30. Rxc5 dxc5 31. Nc8 Bf8 32. Qd8 Qg6 33.
f5 $1 Qh6 34. g5 $1 {Capture of the bishop gives way to a counteraction.} Qh5
35. Rg4 $1 exf5 36. Nf4 Qh8 37. Qf6+ Kh7 38. Rxh4+ {The tournament had started
with a sensation.} 1-0

[Event "Linares"]
[Site "9"]
[Date "1991.??.??"]
[Round "2"]
[White "Kasparov, Gary"]
[Black "Gelfand, Boris"]
[Result "1-0"]
[WhiteElo "2800"]
[BlackElo "2700"]
[Annotator "JvR"]
[PlyCount "75"]
[EventDate "1991.??.??"]

1. d4 d5 2. c4 c6 3. Nc3 Nf6 4. e3 e6 5. Nf3 a6 6. b3 Bb4 7. Bd2 Nbd7 8. Bd3
O-O 9. O-O Bd6 10. e4 $5 dxc4 11. bxc4 e5 12. c5 $1 {The queenside is
restrained by a novelty.} Bc7 13. Na4 $5 ({Less enterprising is} 13. Be3 Ng4)
13... exd4 14. h3 Re8 15. Re1 h6 ({White gains a plus in} 15... Ne5 $5 16. Nxe5
Bxe5 17. f4 $1 {(Kasparov).}) 16. Rb1 Nh7 17. Bc4 Qf6 18. Rb3 $1 Nhf8 $5 {A
long knight manoeuvre leads to control over square f4.} 19. Bc1 Ng6 20. Nxd4
Nde5 21. Bf1 Rd8 22. Bb2 {White wants to play g3 and f4.} Nh4 $2 ({The
tactical escape} 22... Ba5 $1 23. Ree3 Be6 $1 24. Rxb7 Bc8 25. Rbb3 Be6 26. Rb7
{leads to a repetition of positions.}) 23. Ree3 Qg5 24. g3 Nhg6 25. Qc2 $1 h5
26. Bg2 h4 27. f4 $1 Nxf4 28. gxf4 Qxf4 29. Nb6 Ng4 (29... Bxb6 30. Rxb6 {
brings no relief.}) 30. hxg4 Bxg4 31. Nxa8 Qh2+ 32. Kf1 Bg3 33. Rxg3 hxg3 34.
Qd3 Bh3 35. Qxg3 Qh1+ 36. Kf2 Bxg2 37. Qxg2 Qh4+ 38. Ke2 1-0

[Event "Linares"]
[Site "9"]
[Date "1991.??.??"]
[Round "3"]
[White "Ivanchuk, Vassily"]
[Black "Salov, Valery"]
[Result "1/2-1/2"]
[WhiteElo "2695"]
[BlackElo "2645"]
[Annotator "JvR"]
[PlyCount "87"]
[EventDate "1991.??.??"]

1. e4 c5 2. Nf3 Nc6 3. d4 cxd4 4. Nxd4 Nf6 5. Nc3 d6 6. Bc4 e6 7. Bb3 a6 8. O-O
Qc7 9. Kh1 Be7 10. f4 O-O 11. f5 Nxd4 12. Qxd4 b5 13. a4 $5 b4 $1 14. Qxb4 d5
15. Qd4 Bc5 $1 (15... dxe4 16. Nxe4 {somewhat favours White (Ivanchuk).}) 16.
Qd3 dxe4 17. Nxe4 Nxe4 18. Qxe4 exf5 $1 {Salov solves his problems in a grand
manner.} 19. Qf3 $1 ({Avoids} 19. Qxa8 $6 Bb7 20. Qxf8+ Kxf8 21. Rxf5 f6 {
(Ivanchuk).}) 19... Bb7 20. Bd5 Bxd5 21. Qxd5 Bd6 22. Qxf5 Bxh2 23. Ra3 g6 24.
Qf2 Be5 25. Rf3 Rad8 26. Be3 Rd7 27. b3 f6 28. Qe2 Kg7 $6 {Blunders are made
under time pressure.} 29. Qxa6 Qxc2 30. Bf4 Bxf4 31. Rxf4 Qc3 32. Qc4 Qe5 33.
Re4 Qg5 34. b4 Rff7 35. b5 Rd2 36. Rg4 Qh5+ $2 37. Rh4 Qg5 38. Rxh7+ Kxh7 39.
Qxf7+ Kh6 40. Qf8+ Kh7 41. Qe7+ Kh6 42. Qf8+ Kh7 43. Qe7+ Kh6 44. Qf8+ $2 {
Black claims a draw, because 44...Kh7 gives a threefold repetition of
positions.} ({Ivanchuk has missed the win} 44. Qe4 $1 Qh5+ 45. Kg1 Qc5+ 46. Kh2
Qh5+ 47. Kg3 Qg5+ 48. Kh3 Qh5+ 49. Qh4 Qxh4+ 50. Kxh4 Rd4+ 51. Kg3 Rxa4 52. Rb1
$1) 1/2-1/2

[Event "Linares"]
[Site "9"]
[Date "1991.??.??"]
[Round "4"]
[White "Gurevich, Mikhail"]
[Black "Kasparov, Gary"]
[Result "0-1"]
[WhiteElo "2650"]
[BlackElo "2800"]
[Annotator "JvR"]
[PlyCount "84"]
[EventDate "1991.??.??"]

1. d4 Nf6 2. Nf3 e6 3. c4 b6 4. Nc3 Bb4 5. Qb3 c5 6. a3 Bxc3+ 7. Qxc3 O-O 8. g3
$6 {This novelty leads to poor play.} cxd4 $1 9. Qxd4 Nc6 10. Qh4 Bb7 11. Bg2
$6 (11. Bg5 $1 h6 12. Bxf6 Qxf6 13. Qxf6 gxf6 14. Rg1 $1 {keeps the equality.})
11... Rc8 12. Bd2 Na5 $1 13. Bxa5 bxa5 14. b4 $6 ({Ok is} 14. O-O Qb6 15. b4 {
(Pelletier-Gelfand, Credit Suisse 1997).}) 14... Qc7 15. c5 $6 d6 16. Rc1 axb4
17. axb4 dxc5 18. Rxc5 Qb6 19. Rxc8 Rxc8 20. O-O Ba6 {Kasparov wins a pawn.}
21. Ne5 Bxe2 22. Re1 Bb5 23. Qf4 h6 24. h4 Be8 25. g4 Rd8 26. g5 Rd4 27. Qf3
hxg5 28. hxg5 Nd5 29. Rc1 Qb8 30. Qg3 Nf4 31. Qe3 Qd8 32. Nf3 Rxb4 33. Bf1 Nd5
34. Qxa7 Rg4+ 35. Kh1 Nf4 36. Qb7 Kh7 37. Qe4+ f5 38. gxf6+ Bg6 39. Qb7 Qxf6
40. Re1 Nd5 41. Bg2 Nf4 42. Bf1 Nd3 $1 0-1